000
00292nam a22001337a 4500
020
_a
81-7233-189-8
041
_a
ENG
245
_a
Water Measurement Manual
250
_a
Third
260
_a
Jodhpur
_b
A water Resources PUB
_c
1997
300
_a
14-40
650
_a
IDE
856
_u
IDE ( 05 )
999
_c
330
_d
330